| 000 | 02115cam a22004694i 4500 | ||
|---|---|---|---|
| 003 | PE-LiUPU | ||
| 005 | 20250731165425.0 | ||
| 008 | 160201s2013 pe a grm 000 0 spa d | ||
| 035 | _a(Sirsi) a155856 | ||
| 040 |
_aPE-LiUPU _bspa _cPE-LiUPU _erda |
||
| 082 | 0 | 4 |
_a236.986732 _bV25 T4 |
| 099 |
_aTT 4 _bV25 2013 |
||
| 100 | 1 |
_aVander Lopes, Heraldo _eautor |
|
| 245 | 1 | 3 |
_aLa purificación del remanente escatológico en los escritos de Elena G. de White / _cHeraldo Vander Lópes. |
| 264 | 0 | _c2013. | |
| 300 |
_a264 hojas : _bilustraciones; _c29 cm |
||
| 336 |
_atext _2rdacontent |
||
| 337 |
_aunmediated _2rdamedia |
||
| 338 |
_avolume _2rdacarrier |
||
| 502 |
_aTesis _b(Dr.) -- _cUniversidad Peruana Unión, _d2013. |
||
| 504 | _aIncluye referencias | ||
| 520 | 3 | _aLa presente tesis es un estudio descriptivo-documental, basada principalmente en fuentes primarias publicadas, producidas por Elena G. de White, entre los años 1844-1915. -Los resultados de esta investigación bibliográfica son dispuestos de forma cronológica y temática. El contenido del enfoque cronológico es dividido en períodos, introducidos por una declaración específica en la cual el zarandeo era una realidad ya presente. A su vez, el enfoque temático clasifica las declaraciones dispersas en el capítulo histórico, sistematizándolas sobre la base de la reincidencia, causas, alcance y buenas nuevas, para facilitar la comprensión del concepto y del asunto en sí. | |
| 526 | _aSEG44 | ||
| 526 | _aSEG26 | ||
| 526 | _aP151 | ||
| 526 | _aP150 | ||
| 526 | _aP149 | ||
| 526 | _aP146 | ||
| 526 | _aP145 | ||
| 526 | _aP126 | ||
| 526 | _aP125 | ||
| 526 | _aP92 | ||
| 526 | _aP75 | ||
| 526 | _aP74 | ||
| 526 | _aP27 | ||
| 526 | _aP15 | ||
| 630 | 1 | 4 |
_aAdventistas del Séptimo Dia _xEscatología _vTesis. |
| 600 | 1 | 4 |
_aWhite, Ellen Gould _xExpiación _xEnseñanza bíblica _vTesis. |
| 596 | _a1 | ||
| 942 |
_2ddc _cTESIS |
||
| 999 |
_aTT 4 V25 2013 _wALPHANUM _c8533 _iT01333 _d8533 _e2016-3-3 _lCCODEBUL3 _mBUL _n1 _r1 _sY _tTESIS _u2016-2-1 _xPOSGRADO _PP94 _o.STAFF. Tesis |
||
| 980 |
_81 _gALBERTO SANCHEZ Responsable de Automatización |
||